Quizzes
Events
Quiz Creation
Community
Videos
Private Events
Remove Ads
Sign In
Join for FREE
Feedback
Dark Mode
Quiz Categories
Sports
Geography
Music
Movies
Television
Just For Fun
Miscellaneous
History
Literature
Language
Science
Gaming
Entertainment
Religion
Holiday
For Kids
Quiz Lab
Recent
Popular Today
Quiz Kudos Today
Editor Picks
Curator Picks
Quizzes by...
Day
Popularity
Type
Ratings
Length
Year
Community
Subscriptions
Recent Discussions
Orange Saloon
Badges
Playlists
Quests
Create
Leaderboards
Showdown
Live 5
Trivia Bingo
Activity
Puzzle Library
Sporcle Events
Private Events
Virtual Trivia
Globe League
Become a Host
Pub Owners
SporcleCon
Opinionation
Our Games
Videos
Blog
Mobile Apps
Partnerships
Remove Ads and Go Orange
Feedback
Sports
Athletes
MLB
NBA
NHL
NFL
Soccer
Sports Teams
WWE
NCAA
Football
Premier League
Basketball
Baseball
Hockey
Golf
Tennis
Cricket
Rugby
Auto Racing
Olympics
World Cup
Sports
Athletes
MLB
NBA
NHL
NFL
Soccer
Sports Teams
WWE
NCAA
Football
Premier League
Basketball
Baseball
Hockey
Golf
Tennis
Cricket
Rugby
Auto Racing
Olympics
World Cup
Random Quiz
Search Sporcle
×
Quiz Lab
Quiz Lab
Sports
Manager
Type in answers that appear in a list
Type in answers that appear in a list
Classic
Best Score? Go Orange.
All-Time Texas Rangers Managers Stats
Can you name the All-Time Texas Rangers Managers?
By
NatioJ86
5m
23 Questions
284 Plays
284 Plays
284 Plays
Comments
Comments
Give Quiz Kudos
Give Quiz Kudos
-
- Ratings
hide this ad
Replay
Link that replays current quiz
Next Quiz
Link to next quiz in quiz playlist
You Got
0%
They Got
Avg Score
45%
Avg Friend Score
Upgrade to see
Score Distribution
Jump to the score distribution portion of the page
Score
0/23
Timer
05:00
0
Plays Today
Year(s)
Manager
% Correct
2007 -
present
Ron Washington
95.1%
1995 -
2001
Johnny Oates
87%
1969 -
1972
Ted Williams
86.6%
2003 -
2006
Buck Showalter
83.1%
1985 -
1992
Bobby Valentine
81%
1973 -
1975
Billy Martin
77.8%
1993 -
1994
Kevin Kennedy
61.6%
2001 -
2002
Jerry Narron
54.2%
1973
Whitey Herzog
51.8%
1992
Toby Harrah
45.1%
1981 -
1982
Don Zimmer
40.5%
1983 -
1985
Doug Rader
40.5%
Year(s)
Manager
% Correct
1982
Darrell Johnson
36.6%
1977
Eddie Stanky
35.2%
1975 -
1977
Frank Lucchesi
32.4%
1978 -
1980
Pat Corrales
30.3%
1977 -
1978
Billy Hunter
27.8%
1963 -
1967
Gil Hodges
21.1%
1977
Connie Ryan
17.3%
1961 -
1963
Mickey Vernon
14.8%
1968
Jim Lemon
12%
1973
Del Wilber
7.7%
1963
Eddie Yost
7%
Quiz Playlist
Details
Report
Send in Message
Add To Playlist
Classic:
Type in answers that appear in a list
Quiz Source
Last Updated: Feb 16, 2017
Quiz Scoreboard
CHALLENGE
Sign Up to Join the Scoreboard
Show All
Scores
Hide
Comments
May contain spoilers
Recently Published
Decade Duel: World Leaders
by jenniferyan
History
4m
Alphabetical 'K' Countries by Flag Minefield
by ylime102
Geography
3m
Pick 6: Fruits
by JohnFran
Miscellaneous
15s
More to Explore
Quiz From the Vault
Featured Blog Post
15 Basketball Trivia Facts You Can Be March Mad About
hide this ad
You Might Also Like...
Tags
Manager
Ranger
tea
Texas Rangers
Win
Today's Top Quizzes in Sports
Browse Sports
hide this ad
Today's Top Quizzes in Manager
Browse Manager
Top Contributed Quizzes in Sports
1
Les joueurs à 100 buts en Ligue 1 Uber Eats
2
Pick 6: NFL Teams
3
2022 World Cup Stars
4
MLB 2 truths and a lie: Hall of Fame pitchers
5
Pick 6: Minor League Baseball
6
Millionaire: NBA Finals Edition
7
Click the 1998 NBA Draft
8
Criteria MLB: Left Handed Sluggers
9
Pick 6: Olympics
10
Pick 6: NFL WRs
Explore More
Trending Topics
Anime
Kpop
Harry Potter
NBA
Disney
Marvel
Crossword
NFL
The Office
Soccer
Song
Country
WWE
Puzzle
Pokémon
hide this ad
More By:
NatioJ86
Quiz
Plays
Rating
Category
Featured
Created
Dallas Stars Team Captains
373
5.00
Sports
Nov 4, 2009
Dallas Cowboys Regular Season Record
335
4.33
Sports
Oct 30, 2009
All-Time Texas Rangers Managers
284
5.00
Sports
Nov 14, 2009
LSU Residence Halls
271
5.00
Miscellaneous
Nov 16, 2009
Dallas Symphony Orchestra Conductors
19
5.00
Music
Nov 11, 2009
Go to Creator's Profile
Score Distribution
Quiz Creator Spotlight
NatioJ86
Follow
Send a Message
Quizzes Created
-
Created Quiz Play Count
-
More By This Creator
Popular Quizzes Today
1
Countries of Asia Without Outlines Minefield
2
Find the US States - No Outlines Minefield
3
Pick 6: Fruits
4
Alphabetical 'K' Countries by Flag Minefield
5
The Countries of the World
6
Find the Countries of Europe - No Outlines Minefield
7
US States
8
Find the US States
More Sports Quizzes
MLB 1988 TOP 20 batting leaders
Quiz Lab
Trending Quizzes
Pick 6: Mountains
Pick 6: Harry Potter
Pick 6: Flags
Pick 6: NFL Teams
Pick 6: Movie Franchises
Recently Updated
Adaptations: Name the Title
pecheneg
NWSL Teams
pecheneg
Women's Final Four Teams by Year
bhenderson79
Presidents Quartet II
eogle
Anything But Clue(do)
eogle
Anything But Oceanian Capitals
eogle
Anything But 7
eogle
Anything But Thing
eogle
Word Ladder: February 29
pecheneg
Song Title Questions
pecheneg
Trending Topics
Kpop
Disney
Harry Potter
NBA
Crossword
Marvel
Anime
Puzzle
Song
Soccer
NFL
Pokémon
Country
WWE
The Office
Your Account Isn't Verified!
In order to create a playlist on Sporcle, you need to verify the email address you used during registration. Go to your
Sporcle Settings
to finish the process.
Report this User
Report this user for behavior that violates our
Community Guidelines
.
Details:
Send Report
Go to the Sporcle.com Mobile Site →
Comments